Estudios de derecho procesal
Saved in:
| Hovedforfatter: | |
|---|---|
| Format: | Bog |
| Sprog: | spansk |
| Udgivet: |
Buenos Aires
Jurídicas Europa-América
1952
|
| Serier: | Ciencia del Progreso, 19, 20
|
| Fag: | |
| Tags: |
Tilføj Tag
Ingen Tags, Vær først til at tagge denne postø!
|
MARC
| LEADER | 00000nam a2200000 a 4500 | ||
|---|---|---|---|
| 001 | UCY5939 | ||
| 003 | CL-VaPUC | ||
| 008 | 950521e19520000AG |||||||||||||||||spa|d | ||
| 082 | 0 | 4 | |a 347 |b CAR |2 21 |
| 100 | 0 | |a Carnelutti, Francesco |e author |9 335376 | |
| 245 | 1 | 0 | |a Estudios de derecho procesal |
| 300 | |a 2 v | ||
| 942 | |c BK | ||
| 945 | |d 19950521 00:00:00 |a aalvarez | ||
| 260 | |a Buenos Aires |b Jurídicas Europa-América |c 1952 | ||
| 650 | 0 | |a Derecho procesal penal |9 255496 | |
| 650 | 7 | |a PROCESO |2 CL-VaPUC |9 335377 | |
| 650 | 0 | |a Procedimiento penal |9 254974 | |
| 583 | |a last modification |c 19950521 00:00:00 |k Rodrigo Vera | ||
| 490 | 0 | |a Ciencia del Progreso, 19, 20 | |
| 999 | |c 233538 |d 233536 | ||
| 952 | |0 0 |1 0 |4 0 |6 347_000000000000000_CAR_1952 |7 0 |8 A |9 239134 |a BIBDER |b BIBDER |d 2019-11-18 |h v.1 |i 2000350 |o 347 CAR 1952 |p 2000350 |r 2023-01-25 |w 2019-11-18 |y BK |k DER | ||
| 952 | |0 0 |1 0 |4 0 |6 347_000000000000000_CAR_1952 |7 0 |8 A |9 239135 |a BIBDER |b BIBDER |d 2019-11-18 |h V.2 |i 2000369 |o 347 CAR 1952 |p 2000369 |r 2023-01-25 |w 2019-11-18 |y BK |k DER | ||